000 00331 a2200157 4500
001 176073
020 _a
040 _cMagnum
100 _aBatista, Zizinha
240 1 0 _aSaci-perere/xodo
_lpor
245 1 0 _aSaci-perere/xodo
362 0 _a1899
440 1 _aDo Brasil
697 _aMAGNITO: I/LENDAS, FOLCLORE
942 _cBK
999 _c176073
_d176073